000 00733nam a2200229Ia 4500
003 IN-BaIIA
008 211028s9999 xx 000 0 eng d
020 _a1-56396-943-2
040 _cIIA Library
080 _a524.352(082.2)
_bCOS
245 0 _aCosmic explosions
_cedited by Stephen S. Holt and William W. Zhang
250 _a10th ed.
260 _aNew York
_bAmerican Institute of Physics
_c2000
300 _acx, 487p.
490 _aAIP conference proceedings; vol. 522
650 _aGamma ray bursts
_910403
650 _aStellar explosions
_922721
650 _aSupernovae
700 _aHolt, Stephen S., ed.
_917868
700 _aZhang, William W., ed.
_924154
942 _cBK
999 _c13744
_d13744